<?xml version="1.0" encoding="UTF-8"?><?xml-stylesheet type="text/xsl" href="static/style.xsl"?><OAI-PMH xmlns="http://www.openarchives.org/OAI/2.0/" xmlns:xsi="http://www.w3.org/2001/XMLSchema-instance" xsi:schemaLocation="http://www.openarchives.org/OAI/2.0/ http://www.openarchives.org/OAI/2.0/OAI-PMH.xsd"><responseDate>2026-04-18T21:38:26Z</responseDate><request verb="GetRecord" identifier="oai:riubu.ubu.es:10259/6047" metadataPrefix="marc">https://riubu.ubu.es/oai/request</request><GetRecord><record><header><identifier>oai:riubu.ubu.es:10259/6047</identifier><datestamp>2022-04-27T09:49:38Z</datestamp><setSpec>com_10259.4_103</setSpec><setSpec>com_10259.4_1</setSpec><setSpec>com_10259_2604</setSpec><setSpec>col_10259_6036</setSpec></header><metadata><record xmlns="http://www.loc.gov/MARC21/slim" xmlns:doc="http://www.lyncode.com/xoai" xmlns:xsi="http://www.w3.org/2001/XMLSchema-instance" xmlns:dcterms="http://purl.org/dc/terms/" xsi:schemaLocation="http://www.loc.gov/MARC21/slim http://www.loc.gov/standards/marcxml/schema/MARC21slim.xsd">
<leader>00925njm 22002777a 4500</leader>
<datafield tag="042" ind1=" " ind2=" ">
<subfield code="a">dc</subfield>
</datafield>
<datafield tag="720" ind1=" " ind2=" ">
<subfield code="a">Rallo, Ana</subfield>
<subfield code="e">author</subfield>
</datafield>
<datafield tag="720" ind1=" " ind2=" ">
<subfield code="a">Moya, Jesús</subfield>
<subfield code="e">author</subfield>
</datafield>
<datafield tag="260" ind1=" " ind2=" ">
<subfield code="c">2014</subfield>
</datafield>
<datafield tag="520" ind1=" " ind2=" ">
<subfield code="a">Las Merindades de Burgos son tierra de Hidalgos. Una&#xd;
familia originaria, los García de la Yedra, se encuentra documentada&#xd;
desde mediados del siglo XVI. En este trabajo se sigue la saga de&#xd;
individuos pertenecientes a ella durante siete generaciones: pasan&#xd;
de la hidalguía local a alcanzar puestos de beneficiarios eclesiásticos&#xd;
(canónigos, inquisidores, etc.) y títulos de órdenes militares y de&#xd;
nobleza, con emigración a Murcia y principalmente a Cádiz, desde&#xd;
donde siguen la carrera de Indias. Se aportan datos de las circunstancias&#xd;
sociales y económicas del entorno histórico de cada uno de&#xd;
los biografiados.</subfield>
</datafield>
<datafield tag="520" ind1=" " ind2=" ">
<subfield code="a">The Merindades of Burgos are land of noblemen. A native&#xd;
family, the García de la Yedra, is documented since the mid-16th&#xd;
century. This work follows the familiar saga for seven generations:&#xd;
from the local nobility level they reach Church beneficiaries (canonries,&#xd;
inquisition posts, etc.), admission as knighthoods into Military&#xd;
Orders and even being appointed as Titled Noblemen. They moved&#xd;
to Murcia and mainly to Cádiz, from where the “Carrera de Indias”&#xd;
(trade and migration to America) was started. Data from the social&#xd;
and economic circumstances in the family life along these centuries&#xd;
are provided.</subfield>
</datafield>
<datafield tag="024" ind2=" " ind1="8">
<subfield code="a">0211-8998</subfield>
</datafield>
<datafield tag="024" ind2=" " ind1="8">
<subfield code="a">http://hdl.handle.net/10259/6047</subfield>
</datafield>
<datafield ind1=" " ind2=" " tag="653">
<subfield code="a">Hidalgo</subfield>
</datafield>
<datafield ind1=" " ind2=" " tag="653">
<subfield code="a">Merindades</subfield>
</datafield>
<datafield ind1=" " ind2=" " tag="653">
<subfield code="a">Burgos</subfield>
</datafield>
<datafield ind1=" " ind2=" " tag="653">
<subfield code="a">García de la Yedra</subfield>
</datafield>
<datafield ind1=" " ind2=" " tag="653">
<subfield code="a">Siglos XVI-XVIII</subfield>
</datafield>
<datafield ind1=" " ind2=" " tag="653">
<subfield code="a">Comerciantes</subfield>
</datafield>
<datafield ind1=" " ind2=" " tag="653">
<subfield code="a">Eclesiásticos</subfield>
</datafield>
<datafield ind1=" " ind2=" " tag="653">
<subfield code="a">Murcia</subfield>
</datafield>
<datafield ind1=" " ind2=" " tag="653">
<subfield code="a">Cádiz</subfield>
</datafield>
<datafield ind1=" " ind2=" " tag="653">
<subfield code="a">América</subfield>
</datafield>
<datafield ind1=" " ind2=" " tag="653">
<subfield code="a">Noblemen</subfield>
</datafield>
<datafield ind1=" " ind2=" " tag="653">
<subfield code="a">XVI-XVIII centuries</subfield>
</datafield>
<datafield ind1=" " ind2=" " tag="653">
<subfield code="a">Merchants</subfield>
</datafield>
<datafield ind1=" " ind2=" " tag="653">
<subfield code="a">Churchmen</subfield>
</datafield>
<datafield tag="245" ind1="0" ind2="0">
<subfield code="a">Hidalgos de Las Meridades de Burgos (siglos XVI a XVIII): saga de los García de la Yedra</subfield>
</datafield>
</record></metadata></record></GetRecord></OAI-PMH>